000 00998nam a2200313 a 4500
001 55601
003 BD-RjUL
005 20211209080304.0
008 161120s1956 enkmr p s 0 a0eng c
035 _a(BD-RjUL)55724
040 _aNSD
_beng
_cNSD
_dBD-RjUL
_dWaSeSS
041 _aeng
082 0 4 _a621.384
_bSER 1956
_223
100 _aSeely, Samuel
_9165637
245 1 0 _aRadio-electronics /
_cSamuel Seely
246 3 _aRadio electronics
260 _aNew York :
_bGernsback Publications;
_bMcGraw-Hill Com.,
_cc1956
300 _avii, 487 p. :
_bill. ;
_c30 cm.
500 _aInclude index
506 _aAccess limited to subscribers.
580 _aTear out section ComputerDigest included in issues May 1984-
650 0 _aRadio
_9165638
650 0 _aElectronics
_9165639
650 7 _aElectronics.
_2fast
_9165642
650 7 _aRadio.
_2fast
_9165643
787 1 _tRadio-electronics annual
_x0743-443X
_w(DLC)sn 84008144
_w(OCoLC)10577650
942 _2ddc
_cBK
999 _c55601
_d55601